000 00585nam a22001817a 4500
005 20231107124323.0
008 231107b |||||||| |||| 00| 0 eng d
020 _a0702105837
041 _aEnglish
082 _a346.6 SHR
100 _aShrand, D
_lEnglish
245 _aThe Law and Practice of Insolvency Winding-up of Companies and Judicial Management /
_cD Shrand
250 _aThird Edition
260 _aCape Town :
_bJuta and Company Ltd,
_c1977
300 _bxxxix, 615 pages ;
_c26 cm.
650 _aLegal practice
_bLaw
942 _cBK
_6ALISON_BN_VRIES
999 _c374
_d374